| LDR | | 00000nam c2200205 k 4500 |
| 001 | | 000000338719 |
| 005 | | 20250806094705 |
| 007 | | ta |
| 008 | | 250729s1998 ulk r 000af kor |
| 020 | |
▼a 9788937460050
▼g 04840 :
▼c \8000 |
| 020 | |
▼a 9788937460005(세트) |
| 040 | |
▼a 248032
▼c 248032
▼d 248032 |
| 041 | 1 |
▼a kor
▼h eng |
| 049 | 0 |
▼l EM111153
▼l EM111154
▼c 2
▼l EM111155
▼c 3 |
| 056 | |
▼a 843
▼2 4 |
| 090 | |
▼a 843
▼b 오66다 |
| 245 | 20 |
▼a 동물농장 /
▼d 조지 오웰 ;
▼e 도정일 옮김 |
| 246 | 11 |
▼a Animal Farm |
| 250 | |
▼a 1판 |
| 260 | |
▼a 서울 :
▼b 민음사,
▼c 1998 |
| 300 | |
▼a 173 p. ;
▼c 23 cm |
| 490 | 10 |
▼a 세계문학전집 ;
▼v 5 |
| 500 | |
▼a 원저자명 : George Orwell |
| 504 | |
▼a "작가 연보" 수록 |
| 653 | |
▼a 영국문학
▼a 영국소설
▼a 세계문학 |
| 700 | 1 |
▼a 오웰, 조지,
▼e 저 |
| 700 | 1 |
▼a 도정일,
▼e 옮김 |
| 830 | 0 |
▼a 세계문학전집 ;
▼v 5 |
| 900 | 11 |
▼a Orwell, George |
| 950 | 0 |
▼b \8000 |
| 990 | |
▼a 관리자2
▼b 관리자2 |